| 000 | 00366nam a2200133Ia 4500 | ||
|---|---|---|---|
| 008 | 231017s9999 xx 000 0 und d | ||
| 082 | _a"354,945TAY" | ||
| 082 | _bTAY | ||
| 245 | 4 | _aThe importance of commercial vehicle weight enforcement in safety and road asset management | |
| 245 | 0 | _cBrian Taylor | |
| 260 | _bBrian Taylor | ||
| 300 | _c30cm | ||
| 942 | _cREP | ||
| 999 |
_c604962 _d604962 |
||